000 00336nam a22001457a 4500
008 210518b ||||| |||| 00| 0 eng d
020 _a9780534921316
041 _aeng
080 _23rd
_a339.138
082 _a339.138
100 _a60
101 _aMAR
245 _aInternational Marketing Management
_cJain,S.C
942 _2udc
_cBK
999 _c57406
_d57406